| 000 | 01036nam a2200277 i 4500 | ||
|---|---|---|---|
| 001 | bg | ||
| 003 | BPK | ||
| 005 | 20191026103712.0 | ||
| 008 | s2008 pl f f |000 0 pol | ||
| 020 | _a9788360501580 | ||
| 040 | _cBPK | ||
| 080 | _a005 | ||
| 080 | _a(075.8) | ||
| 100 | 1 |
_aKoźmiński, Andrzej Krzysztof _d(1941- ) _eAutor |
|
| 245 | 1 | 0 |
_aZarządzanie od podstaw : _bpodręcznik akademicki / _cAndrzej K. Koźmiński, Dariusz Jemielniak. |
| 260 |
_aWarszawa : _bWydawnictwa Akademickie i Profesjonalne, _ccop. 2008. |
||
| 300 |
_a493 s. : _bil. ; _c25 cm. |
||
| 504 | _aBibliogr. s. 475-480. Indeksy. | ||
| 655 | 4 | _aPodręczniki akademickie | |
| 650 | 4 | _aZarządzanie | |
| 700 | 1 |
_aJemielniak, Dariusz _d(1975- ). |
|
| 710 | 2 |
_aWydawnictwa Akademickie i Profesjonalne _4pbl. |
|
| 942 |
_cKS _2UKD |
||
| 856 |
_uhttp://koha.tu.koszalin.pl/cgi-bin/koha/opac-detail.pl?biblionumber=55859 _yKatalog online BPK |
||
| 999 |
_c55859 _d55859 |
||